Datum a čas kvízu
25.5
Celkem bodů
Celkový počet nahraných bodů na tomto kvízu bez doplňovacích otázek.
9.
Pořadí na kvízu
Konečné umístění týmu na tomto kvízu.
Zaznamenané odpovědi
| # | Otázka | Odpověď | Body | Výsledky |
|---|---|---|---|---|
| 1. | Dnešní speciální kvíz se pones... | (Batylda) Bagshotová; Godrikův důl/Godric's Hollow | 1 | |
| 2. | Zdi Bradavic zdobí nesčetně po... | C | 1 | |
| 3. | Florean Fortescue Harrymu velm... | zmrzlinové poháry (zmrzlinu) | 0 | |
| 4. | S dějinami kouzelnického světa... | Kudleyským kanonýrům/Chudley Cannons | 0 | |
| 5. | V divadelní hře Harry Potter a... | Scorpius (Hyperion) Malfoy; Cedric Diggory | 1 | |
| 6. | Přeměňovat lze nejen pomocí ko... | 1D 2B 3A 4C | 0 | |
| 7. | Při zkouškách na konci třetího... | v želvu | 0 | |
| 8. | Seřaďte zvířecí podoby následu... | 1B 2C 3D 4A | 0 | |
| 9. | Kterou postavu má znázorňovat... | (Horacia) Křiklana/(Horace) Slughorn | 1 | |
| 10. | Aby byl v různých jazycích zac... | 1D 2C 3A 4B | 0 |